[Event "Mauricie op"]
[Site "Trois-Rivieres CAN"]
[Date "2012.03.16"]
[Round "1"]
[White "Yun, Chang"]
[Black "Fortier, Marc-Andre"]
[Result "1-0"]
[WhiteElo "1963"]
[BlackElo "2117"]
[PlyCount "61"]
[GameId "2160767909575874"]
[EventDate "2012.03.16"]
[EventType "swiss"]
[EventRounds "5"]
[EventCountry "CAN"]
[SourceTitle "EXT 2022"]
[Source "ChessBase"]
[SourceDate "2021.10.06"]
[SourceVersion "1"]
[SourceVersionDate "2021.10.06"]
[SourceQuality "1"]

1. e4 c5 2. Nf3 d6 3. Bb5+ Bd7 4. Bxd7+ Nxd7 5. O-O g6 6. c3 Bg7 7. d4 cxd4 8. cxd4 Qb6 9. Nc3 e6 10. Re1 Ne7 11. Rb1 O-O 12. Bg5 Rfe8 13. Qd2 Rac8 14. h4 Qa6 15. h5 Nb6 16. hxg6 hxg6 17. Qf4 Nc6 18. e5 dxe5 19. dxe5 Nd5 20. Qh4 Nxc3 21. bxc3 Nb8 22. Rbd1 Rxc3 23. Bf6 Rxf3 24. gxf3 Qa5 25. Kg2 Nd7 26. Bxg7 Kxg7 27. Rxd7 Qxe1 28. Qf6+ Kh6 29. Qf4+ Kh5 30. Rxf7 g5 31. Rh7+ 1-0

[Event "Mauricie op"]
[Site "Trois-Rivieres CAN"]
[Date "2012.03.17"]
[Round "2"]
[White "Auger, Bertrand"]
[Black "Robichaud, Louis"]
[Result "0-1"]
[WhiteElo "1966"]
[BlackElo "2070"]
[PlyCount "104"]
[GameId "2160767909575875"]
[EventDate "2012.03.16"]
[EventType "swiss"]
[EventRounds "5"]
[EventCountry "CAN"]
[SourceTitle "EXT 2022"]
[Source "ChessBase"]
[SourceDate "2021.10.06"]
[SourceVersion "1"]
[SourceVersionDate "2021.10.06"]
[SourceQuality "1"]

1. Nf3 Nf6 2. g3 g6 3. b4 Bg7 4. Bb2 O-O 5. Bg2 d6 6. d3 e5 7. c4 Nc6 8. b5 Ne7 9. Nbd2 Nd7 10. Qc2 f5 11. O-O h6 12. Nb3 c5 13. bxc6 bxc6 14. Nfd2 g5 15. c5 d5 16. f4 gxf4 17. gxf4 e4 18. Bxg7 Kxg7 19. dxe4 fxe4 20. Rad1 Nf5 21. Nxe4 dxe4 22. Bxe4 Qf6 23. Bxf5 Qxf5 24. e4 Qg6+ 25. Kh1 Nf6 26. Rg1 Bg4 27. Nd4 Kh8 28. f5 Qh5 29. Rdf1 Rae8 30. Rf4 Rg8 31. Rg3 Rd8 32. Qc3 Kh7 33. Qe3 Qg5 34. Ne6 Rd1+ 35. Kg2 Qh4 36. Qc3 Bh3+ 37. Kf2 Rf1+ 38. Ke2 Rxf4 39. Nxf4 Qxf4 40. Qxf6 Qxe4+ 41. Kd2 Rxg3 42. hxg3 Qd5+ 43. Ke1 Bxf5 44. Qe7+ Kg6 45. Qxa7 Qe4+ 46. Kf2 Qd4+ 47. Kg2 Be4+ 48. Kf1 Qd1+ 49. Kf2 Qd2+ 50. Kf1 Bd3+ 51. Kg1 Qe1+ 52. Kh2 Qf2+ 0-1

[Event "Mauricie op"]
[Site "Trois-Rivieres CAN"]
[Date "2012.03.17"]
[Round "2"]
[White "Bolduc, Steve"]
[Black "Yun, Chang"]
[Result "1-0"]
[WhiteElo "2310"]
[BlackElo "1963"]
[PlyCount "59"]
[GameId "2160767909575876"]
[EventDate "2012.03.16"]
[EventType "swiss"]
[EventRounds "5"]
[EventCountry "CAN"]
[SourceTitle "EXT 2022"]
[Source "ChessBase"]
[SourceDate "2021.10.06"]
[SourceVersion "1"]
[SourceVersionDate "2021.10.06"]
[SourceQuality "1"]

1. d4 d5 2. c4 e6 3. Nc3 Be7 4. cxd5 exd5 5. Bf4 Nf6 6. e3 c6 7. Bd3 Nbd7 8. h3 O-O 9. Qc2 Re8 10. Nf3 Nf8 11. O-O Ng6 12. Rfe1 Nxf4 13. exf4 Bd6 14. Ne5 g6 15. Qd2 Kg7 16. f5 Qc7 17. fxg6 hxg6 18. Qg5 Nh7 19. Qg3 Nf8 20. f4 f5 21. Rad1 Bxe5 22. fxe5 Qb6 23. Ne2 Qxb2 24. Bb1 Be6 25. Nf4 Qb4 26. Nxe6+ Nxe6 27. Bxf5 Nf8 28. Rf1 Qe7 29. Bxg6 Nxg6 30. Rf6 1-0

[Event "Mauricie op"]
[Site "Trois-Rivieres CAN"]
[Date "2012.03.17"]
[Round "2"]
[White "Demeule, Sylvain"]
[Black "Lemieux, Serge"]
[Result "0-1"]
[WhiteElo "1606"]
[BlackElo "1469"]
[PlyCount "83"]
[GameId "2160767909575877"]
[EventDate "2012.03.16"]
[EventType "swiss"]
[EventRounds "5"]
[EventCountry "CAN"]
[SourceTitle "EXT 2022"]
[Source "ChessBase"]
[SourceDate "2021.10.06"]
[SourceVersion "1"]
[SourceVersionDate "2021.10.06"]
[SourceQuality "1"]

1. e4 e6 2. d4 d5 3. e5 c5 4. Nf3 Nc6 5. Bd3 Bd7 6. c3 Qb6 7. O-O cxd4 8. cxd4 Nxd4 9. Nxd4 Qxd4 10. Nc3 a6 11. Qe2 Bb4 12. Bd2 Ne7 13. a3 Ba5 14. b4 Bc7 15. Rfe1 Nc6 16. Na4 Nxe5 17. Nc5 Nxd3 18. Be3 Bxh2+ 19. Kf1 Qh4 20. Nxd7 Nxe1 21. Nb6 Be5 22. Qxe1 Bxa1 23. Nxa8 O-O 24. Nb6 Qh1+ 25. Ke2 Qxe1+ 26. Kxe1 f6 27. Ke2 Rd8 28. Bf4 e5 29. Bg3 Kf7 30. Kd3 e4+ 31. Ke2 f5 32. Na4 d4 33. Bc7 Rc8 34. Bb6 d3+ 35. Kd1 Be5 36. Bc5 Bc7 37. Bd4 g5 38. Nc5 b6 39. Nxa6 Bf4 40. Bb2 Rc2 41. g3 Rxb2 42. gxf4 0-1

[Event "Mauricie op"]
[Site "Trois-Rivieres CAN"]
[Date "2012.03.17"]
[Round "2"]
[White "Djerkovic, Miladin"]
[Black "Bergeron, Carl"]
[Result "1-0"]
[WhiteElo "2277"]
[BlackElo "1493"]
[PlyCount "63"]
[GameId "2160767909575878"]
[EventDate "2012.03.16"]
[EventType "swiss"]
[EventRounds "5"]
[EventCountry "CAN"]
[SourceTitle "EXT 2022"]
[Source "ChessBase"]
[SourceDate "2021.10.06"]
[SourceVersion "1"]
[SourceVersionDate "2021.10.06"]
[SourceQuality "1"]

1. e4 c5 2. Nf3 d6 3. c4 Nf6 4. Nc3 e6 5. d4 cxd4 6. Nxd4 a6 7. Be2 Be7 8. O-O O-O 9. Be3 Nc6 10. f4 Qc7 11. Rc1 Bd7 12. Bf3 Nxd4 13. Bxd4 Bc6 14. Qd2 Qd8 15. Rfd1 Nd7 16. Nd5 exd5 17. exd5 Rc8 18. dxc6 bxc6 19. Qc3 Bf6 20. Bxf6 Nxf6 21. Qd4 Ne8 22. Rc3 c5 23. Qd2 Rb8 24. Rd3 Qc7 25. g4 Rb4 26. b3 a5 27. a3 Rb8 28. g5 f6 29. Bd5+ Kh8 30. g6 h6 31. f5 Rb7 32. Rh3 1-0

[Event "Mauricie op"]
[Site "Trois-Rivieres CAN"]
[Date "2012.03.17"]
[Round "2"]
[White "Fortier, Marc-Andre"]
[Black "Poirier, Erik"]
[Result "1/2-1/2"]
[WhiteElo "2117"]
[BlackElo "2028"]
[PlyCount "110"]
[GameId "2160767909575879"]
[EventDate "2012.03.16"]
[EventType "swiss"]
[EventRounds "5"]
[EventCountry "CAN"]
[SourceTitle "EXT 2022"]
[Source "ChessBase"]
[SourceDate "2021.10.06"]
[SourceVersion "1"]
[SourceVersionDate "2021.10.06"]
[SourceQuality "1"]

1. e4 c5 2. Nc3 Nc6 3. g3 g6 4. Bg2 Bg7 5. d3 d6 6. Be3 e6 7. Qd2 Nge7 8. Bh6 O-O 9. h4 f6 10. Bxg7 Kxg7 11. h5 g5 12. h6+ Kh8 13. Nge2 Nd4 14. f4 gxf4 15. Nxf4 e5 16. Nfd5 Be6 17. Nxe7 Qxe7 18. O-O-O Rg8 19. Qf2 Rg6 20. Bh3 Bxh3 21. Rxh3 Qe6 22. Rh2 Rag8 23. Nd5 f5 24. c3 fxe4 25. dxe4 Nc6 26. Rd3 Rxh6 27. Rf3 Rxh2 28. Qxh2 Qg6 29. Nf6 Rg7 30. Qh3 Ne7 31. g4 Ng8 32. Nh5 Rf7 33. Qf1 Nh6 34. Nf6 Kg7 35. Nh5+ Kf8 36. Nf6 Ke7 37. Nd5+ Kd8 38. Nf6 Ng8 39. Nxg8 Rxf3 40. Qxf3 Qxg8 41. b3 Qg5+ 42. Kc2 Ke7 43. Kd3 b5 44. c4 bxc4+ 45. bxc4 h6 46. Qf5 Qxf5 47. exf5 Kf6 48. Ke4 Kg5 49. Kd5 h5 50. Ke6 e4 51. f6 e3 52. f7 e2 53. f8=Q e1=Q+ 54. Kxd6 hxg4 55. Qg7+ Kf4 1/2-1/2

[Event "Mauricie op"]
[Site "Trois-Rivieres CAN"]
[Date "2012.03.17"]
[Round "2"]
[White "Hebert, Jean"]
[Black "Marinkovic, Mate"]
[Result "1-0"]
[WhiteElo "2434"]
[BlackElo "2138"]
[PlyCount "69"]
[GameId "2160767909575880"]
[EventDate "2012.03.16"]
[EventType "swiss"]
[EventRounds "5"]
[EventCountry "CAN"]
[SourceTitle "EXT 2022"]
[Source "ChessBase"]
[SourceDate "2021.10.06"]
[SourceVersion "1"]
[SourceVersionDate "2021.10.06"]
[SourceQuality "1"]

1. c4 e5 2. Nc3 Nc6 3. Nf3 d6 4. d4 exd4 5. Nxd4 Bd7 6. e4 g6 7. Be3 Bg7 8. Be2 Nge7 9. h4 h6 10. Qd2 f5 11. exf5 Nxf5 12. Nxf5 Bxf5 13. Nd5 Qd7 14. Rc1 Ne5 15. f3 c6 16. Nc3 Qe7 17. Rd1 O-O-O 18. O-O Qxh4 19. Bf2 Qe7 20. Bxa7 Qc7 21. Bf2 Qa5 22. Bd4 Rhg8 23. a3 Be6 24. b4 Qxa3 25. Ra1 Qb3 26. Ne4 Kc7 27. b5 c5 28. Qa5+ Kd7 29. Bxc5 Nxc4 30. Bxc4 Qxc4 31. Rac1 Bd4+ 32. Kh1 Qd5 33. Bxd4 Qxd4 34. Rfd1 Qe5 35. Rxd6+ 1-0

[Event "Mauricie op"]
[Site "Trois-Rivieres CAN"]
[Date "2012.03.17"]
[Round "2"]
[White "Luksza, Arkadiusz"]
[Black "Bleau, John"]
[Result "1-0"]
[WhiteElo "2139"]
[BlackElo "1988"]
[PlyCount "54"]
[GameId "2160767909575881"]
[EventDate "2012.03.16"]
[EventType "swiss"]
[EventRounds "5"]
[EventCountry "CAN"]
[SourceTitle "EXT 2022"]
[Source "ChessBase"]
[SourceDate "2021.10.06"]
[SourceVersion "1"]
[SourceVersionDate "2021.10.06"]
[SourceQuality "1"]

1. Nf3 c5 2. c4 g6 3. Nc3 Bg7 4. d4 cxd4 5. Nxd4 Nc6 6. Nxc6 bxc6 7. g3 Qa5 8. Bd2 Ba6 9. Nd5 Qd8 10. Ne3 Bxb2 11. Rb1 Bg7 12. Qa4 Qc8 13. Bg2 Nf6 14. O-O O-O 15. Rfc1 Bb7 16. Qb4 Rb8 17. Qxe7 Re8 18. Qa3 a6 19. Bb4 Ba8 20. Bd6 Bf8 21. Bxf8 Rxf8 22. Qd6 Rxb1 23. Rxb1 Ne8 24. Qe7 d6 25. Qa7 Nc7 26. Qd4 d5 27. Ng4 c5 1-0

[Event "Mauricie op"]
[Site "Trois-Rivieres CAN"]
[Date "2012.03.17"]
[Round "2"]
[White "Luo, Zhao Yang"]
[Black "Lebeau, Gilbert"]
[Result "1-0"]
[WhiteElo "2072"]
[BlackElo "2014"]
[PlyCount "81"]
[GameId "2160767909575882"]
[EventDate "2012.03.16"]
[EventType "swiss"]
[EventRounds "5"]
[EventCountry "CAN"]
[SourceTitle "EXT 2022"]
[Source "ChessBase"]
[SourceDate "2021.10.06"]
[SourceVersion "1"]
[SourceVersionDate "2021.10.06"]
[SourceQuality "1"]

1. d4 Nf6 2. Nf3 d5 3. e3 e6 4. Bd3 c5 5. b3 Nc6 6. Bb2 Be7 7. O-O O-O 8. Nbd2 b6 9. Ne5 Nxe5 10. dxe5 Nd7 11. f4 f5 12. exf6 Nxf6 13. Nf3 Qc7 14. Be5 Bd6 15. Qe1 Ne4 16. Bxe4 dxe4 17. Bxd6 Qxd6 18. Rd1 Qe7 19. Ne5 c4 20. bxc4 Qa3 21. Rd4 Ba6 22. Qd2 Rac8 23. Rd1 b5 24. Rxe4 bxc4 25. Qd6 Qxd6 26. Rxd6 Bb7 27. Rxc4 Rxc4 28. Nxc4 Bd5 29. Ne5 Bxa2 30. Ra6 Bd5 31. c4 Be4 32. Rxa7 g5 33. Kf2 Rb8 34. Ra2 h6 35. Nd7 Ra8 36. Rxa8+ Bxa8 37. Ne5 Kg7 38. c5 Kf6 39. c6 Ke7 40. Kg3 Kf6 41. c7 1-0

[Event "Mauricie op"]
[Site "Trois-Rivieres CAN"]
[Date "2012.03.17"]
[Round "2"]
[White "Marquis, Paul"]
[Black "Masse, Hugues"]
[Result "0-1"]
[WhiteElo "1918"]
[BlackElo "2277"]
[PlyCount "66"]
[GameId "2160767909575883"]
[EventDate "2012.03.16"]
[EventType "swiss"]
[EventRounds "5"]
[EventCountry "CAN"]
[SourceTitle "EXT 2022"]
[Source "ChessBase"]
[SourceDate "2021.10.06"]
[SourceVersion "1"]
[SourceVersionDate "2021.10.06"]
[SourceQuality "1"]

1. e4 e6 2. d4 d5 3. Nd2 Be7 4. Ngf3 Nf6 5. Bd3 c5 6. c3 Nc6 7. e5 Nd7 8. Bb1 a5 9. Nf1 b6 10. Bd3 Ba6 11. Bxa6 Rxa6 12. Qe2 Ra7 13. h4 Qb8 14. h5 b5 15. h6 g6 16. Be3 a4 17. a3 Na5 18. N1d2 O-O 19. Bg5 Bxg5 20. Nxg5 cxd4 21. cxd4 Rc7 22. Qg4 Qb6 23. Rh3 Rc2 24. Rc3 Rxb2 25. Rac1 Nc4 26. Nxc4 bxc4 27. R1c2 Rxc2 28. Rxc2 Qb3 29. Kd2 Qd3+ 30. Kc1 Qxa3+ 31. Kd1 Qd3+ 32. Kc1 Qf1+ 33. Kd2 Qxf2+ 0-1

[Event "Mauricie op"]
[Site "Trois-Rivieres CAN"]
[Date "2012.03.17"]
[Round "2"]
[White "Poulin, Mathieu"]
[Black "Kraiouchkine, Nikita"]
[Result "0-1"]
[WhiteElo "2015"]
[BlackElo "2327"]
[PlyCount "82"]
[GameId "2160767909575884"]
[EventDate "2012.03.16"]
[EventType "swiss"]
[EventRounds "5"]
[EventCountry "CAN"]
[SourceTitle "EXT 2022"]
[Source "ChessBase"]
[SourceDate "2021.10.06"]
[SourceVersion "1"]
[SourceVersionDate "2021.10.06"]
[SourceQuality "1"]

1. d4 Nf6 2. c4 c5 3. Nf3 g6 4. Nc3 cxd4 5. Nxd4 Bg7 6. e4 Nc6 7. Be3 Ng4 8. Qxg4 Nxd4 9. Qd1 Nc6 10. Qd2 h5 11. Be2 d6 12. O-O Bd7 13. f4 Rc8 14. f5 gxf5 15. exf5 Qa5 16. Qd1 Qe5 17. Nd5 Bxf5 18. Bxh5 Be6 19. g4 Rxh5 20. gxh5 Bxd5 21. cxd5 Qxe3+ 22. Kh1 Qe4+ 23. Qf3 Qxf3+ 24. Rxf3 Nd4 25. Rg3 Bh6 26. Rg8+ Kd7 27. Rxc8 Kxc8 28. Re1 Nf5 29. Rf1 e6 30. dxe6 fxe6 31. Kg1 Kd7 32. Kf2 e5 33. Ke2 Ke6 34. Rg1 e4 35. Rg8 Ke5 36. Re8+ Kf4 37. Rd8 Bg5 38. Rd7 e3 39. h4 Nd4+ 40. Kd3 e2 41. Kxd4 Bf6+ 0-1

[Event "Mauricie op"]
[Site "Trois-Rivieres CAN"]
[Date "2012.03.17"]
[Round "2"]
[White "Roy, Myriam"]
[Black "Castellanos Rodriguez, Renier"]
[Result "0-1"]
[WhiteElo "2093"]
[BlackElo "2522"]
[PlyCount "58"]
[GameId "2160767909575885"]
[EventDate "2012.03.16"]
[EventType "swiss"]
[EventRounds "5"]
[EventCountry "CAN"]
[SourceTitle "EXT 2022"]
[Source "ChessBase"]
[SourceDate "2021.10.06"]
[SourceVersion "1"]
[SourceVersionDate "2021.10.06"]
[SourceQuality "1"]

1. e4 c5 2. Nf3 e6 3. d4 cxd4 4. Nxd4 a6 5. Bd3 Bc5 6. Nb3 Be7 7. c4 d6 8. Nc3 Nf6 9. O-O b6 10. Be3 Bb7 11. f4 Nbd7 12. a4 Nc5 13. Nxc5 bxc5 14. e5 dxe5 15. fxe5 Ng4 16. Qxg4 Qxd3 17. Rfe1 Qg6 18. Qxg6 hxg6 19. Ra3 Rh4 20. b3 Rd8 21. Ra2 Rd3 22. Rc2 Rh5 23. Bf2 Rf5 24. a5 Bc6 25. Na4 Rxb3 26. Ra2 Bxa4 27. Rxa4 Rf4 28. g3 Rff3 29. Kg2 Rfc3 0-1

[Event "Mauricie op"]
[Site "Trois-Rivieres CAN"]
[Date "2012.03.17"]
[Round "2"]
[White "Sambuev, Bator"]
[Black "Laptos, Krzysztof"]
[Result "1-0"]
[WhiteElo "2568"]
[BlackElo "2230"]
[PlyCount "73"]
[GameId "2160767909575886"]
[EventDate "2012.03.16"]
[EventType "swiss"]
[EventRounds "5"]
[EventCountry "CAN"]
[SourceTitle "EXT 2022"]
[Source "ChessBase"]
[SourceDate "2021.10.06"]
[SourceVersion "1"]
[SourceVersionDate "2021.10.06"]
[SourceQuality "1"]

1. d4 d6 2. e4 Nf6 3. Nc3 c6 4. Nf3 Bg4 5. h3 Bh5 6. Bd3 e6 7. g4 Bg6 8. g5 Nfd7 9. Be3 d5 10. a3 a6 11. h4 Bh5 12. Be2 Bxf3 13. Bxf3 b5 14. exd5 cxd5 15. a4 b4 16. Nxd5 exd5 17. Bxd5 Ra7 18. Qf3 Nb6 19. Bb3 Bd6 20. h5 Re7 21. O-O-O Qc7 22. g6 fxg6 23. hxg6 h6 24. Rhe1 Rf8 25. Bf7+ Kd8 26. d5 b3 27. Bxb6 Qxb6 28. Rxe7 bxc2 29. Rd2 Bxe7 30. Rxc2 Qb4 31. Kb1 Nd7 32. d6 Bxd6 33. Qa8+ Ke7 34. Re2+ Ne5 35. Qd5 Rb8 36. f4 Qxf4 37. Qe6+ 1-0

[Event "Mauricie op"]
[Site "Trois-Rivieres CAN"]
[Date "2012.03.17"]
[Round "2"]
[White "Soucy, Hermil"]
[Black "Qin, Zi Yi (Joey)"]
[Result "0-1"]
[WhiteElo "1374"]
[BlackElo "2279"]
[PlyCount "96"]
[GameId "2160767909575887"]
[EventDate "2012.03.16"]
[EventType "swiss"]
[EventRounds "5"]
[EventCountry "CAN"]

1. Nf3 Nf6 2. d4 g6 3. Nc3 d5 4. e3 Bg7 5. Be2 O-O 6. O-O b6 7. Rb1 Bb7 8. b3 Nbd7 9. Bd3 c5 10. Ne2 Rc8 11. c4 dxc4 12. bxc4 Bxf3 13. gxf3 cxd4 14. exd4 e5 15. Bb2 Nh5 16. Qb3 exd4 17. Bc1 Qc7 18. f4 Nc5 19. Qd1 Nxd3 20. Qxd3 Qxc4 21. Rb3 Rfe8 22. Ng3 Qxd3 23. Rxd3 Nxg3 24. hxg3 Re2 25. Kg2 f5 26. a3 Kf7 27. Kf3 Rcc2 28. a4 Ke6 29. g4 fxg4+ 30. Kg3 Kf5 31. Rb3 Rc3+ 32. Rxc3 dxc3 33. Rd1 h5 34. Rd7 Bf6 35. Kg2 h4 36. Kf1 Ra2 37. Be3 Ke4 38. Rd6 Kf3 39. Rd3 Ra1+ 40. Bc1+ Ke4 41. Re3+ Kd4 42. Re1 Kd3 43. Kg2 Rxc1 44. Rxc1 c2 45. Kf1 Bb2 46. Rxc2 Kxc2 47. Kg2 Bc1 48. f3 g3 0-1

[Event "Mauricie op"]
[Site "Trois-Rivieres CAN"]
[Date "2012.03.17"]
[Round "2"]
[White "Wilkin, Alain"]
[Black "Khassanov, Marat"]
[Result "0-1"]
[WhiteElo "2004"]
[BlackElo "2256"]
[PlyCount "74"]
[GameId "2160767909575888"]
[EventDate "2012.03.16"]
[EventType "swiss"]
[EventRounds "5"]
[EventCountry "CAN"]
[SourceTitle "EXT 2022"]
[Source "ChessBase"]
[SourceDate "2021.10.06"]
[SourceVersion "1"]
[SourceVersionDate "2021.10.06"]
[SourceQuality "1"]

1. c4 e5 2. Nc3 Nc6 3. g3 g6 4. Bg2 Bg7 5. e3 d6 6. Nge2 Be6 7. Nd5 f5 8. d4 f4 9. dxe5 fxg3 10. hxg3 dxe5 11. Qa4 Bd7 12. Qc2 Nge7 13. Bd2 O-O 14. Bc3 Bg4 15. Rd1 Qc8 16. f4 Nf5 17. Kf2 Rf7 18. Rh2 Qe8 19. Rdh1 h5 20. Bf3 Bxf3 21. Kxf3 Nce7 22. e4 Nxd5 23. cxd5 Nh6 24. Qd3 Qd7 25. Kg2 Raf8 26. Rh4 Ng4 27. Bb4 exf4 28. Nxf4 Rxf4 29. gxf4 Rxf4 30. Be1 Qa4 31. Bg3 Rxe4 32. Re1 Rxe1 33. Bxe1 Qxa2 34. Rh3 Qxb2+ 35. Kh1 Qa1 36. Qe2 Qb1 37. Kg2 Qf5 0-1

[Event "Mauricie op"]
[Site "Trois-Rivieres CAN"]
[Date "2012.03.17"]
[Round "2"]
[White "Wu, Qiyou"]
[Black "Libersan, Thierry"]
[Result "0-1"]
[WhiteElo "2017"]
[BlackElo "2084"]
[PlyCount "132"]
[GameId "2160767909575889"]
[EventDate "2012.03.16"]
[EventType "swiss"]
[EventRounds "5"]
[EventCountry "CAN"]
[SourceTitle "EXT 2022"]
[Source "ChessBase"]
[SourceDate "2021.10.06"]
[SourceVersion "1"]
[SourceVersionDate "2021.10.06"]
[SourceQuality "1"]

1. e4 c5 2. Nf3 e6 3. d4 cxd4 4. Nxd4 Nc6 5. Nxc6 bxc6 6. c4 Nf6 7. Nc3 Bb4 8. Bd3 e5 9. O-O d6 10. h3 O-O 11. f4 Bc5+ 12. Kh1 exf4 13. Bxf4 Nd7 14. Ne2 Ne5 15. Ng3 g6 16. Qe2 Qh4 17. Bxe5 dxe5 18. Kh2 Be6 19. Rab1 a5 20. Bc2 Rad8 21. Rbd1 h5 22. Rxd8 Rxd8 23. Rd1 Rxd1 24. Bxd1 Qf4 25. Qf3 Be3 26. Kh1 Bxc4 27. b3 Bd3 28. Be2 Bb1 29. a4 Bf2 30. Qxf4 exf4 31. Nf1 Bxe4 32. Nd2 Bc2 33. Bf3 Be3 34. Nc4 Bxb3 35. Nxa5 Bxa4 36. Nxc6 Kg7 37. Nb4 Bb3 38. Nd5 Bd2 39. Kh2 g5 40. Nc7 Kg6 41. Nb5 Bc2 42. Nd4 Bd3 43. Bd1 Bc3 44. Be2 Bxe2 45. Nxe2 Be5 46. Kg1 g4 47. hxg4 hxg4 48. Kf1 Kf5 49. Nc1 Ke4 50. Ke2 Bd4 51. Nb3 Be3 52. Na1 Bd4 53. Nb3 Bb6 54. Nd2+ Kf5 55. Nc4 Bc7 56. Kd3 Kg5 57. Nd2 f3 58. gxf3 g3 59. f4+ Bxf4 60. Nf3+ Kg4 61. Ne1 Kh3 62. Ke4 Bd2 63. Nf3 g2 64. Ng1+ Kh2 65. Nf3+ Kh1 66. Kf5 Bc3 0-1

[Event "Mauricie op"]
[Site "Trois-Rivieres CAN"]
[Date "2012.03.17"]
[Round "2"]
[White "Zhang, Zhiyuan"]
[Black "Chiku-Ratte, Olivier-Kenta"]
[Result "1-0"]
[WhiteElo "2055"]
[BlackElo "2116"]
[PlyCount "65"]
[GameId "2160767909575890"]
[EventDate "2012.03.16"]
[EventType "swiss"]
[EventRounds "5"]
[EventCountry "CAN"]
[SourceTitle "EXT 2022"]
[Source "ChessBase"]
[SourceDate "2021.10.06"]
[SourceVersion "1"]
[SourceVersionDate "2021.10.06"]
[SourceQuality "1"]

1. e4 c5 2. Nf3 d6 3. Bb5+ Bd7 4. Bxd7+ Qxd7 5. c4 Nf6 6. Nc3 g6 7. d4 cxd4 8. Nxd4 Bg7 9. f3 O-O 10. Be3 Rc8 11. b3 Nc6 12. Rc1 a6 13. a4 Qd8 14. O-O Qa5 15. Re1 Rab8 16. Qd2 Nd7 17. Red1 Nc5 18. Rb1 Ne6 19. Nde2 Nc7 20. Nd4 Qh5 21. Rbc1 Ne6 22. Nxe6 fxe6 23. Ne2 Qa5 24. Nf4 Qxd2 25. Rxd2 Kf7 26. Nh3 h6 27. Bb6 Nb4 28. Ba5 Nc6 29. Bb6 e5 30. Nf2 Nd4 31. Rb1 Rc6 32. a5 Bf6 33. Kf1 1-0

[Event "Mauricie op"]
[Site "Trois-Rivieres CAN"]
[Date "2012.03.17"]
[Round "3"]
[White "Bergeron, Carl"]
[Black "Wilkin, Alain"]
[Result "1/2-1/2"]
[WhiteElo "1493"]
[BlackElo "2004"]
[PlyCount "56"]
[GameId "2160767909575891"]
[EventDate "2012.03.16"]
[EventType "swiss"]
[EventRounds "5"]
[EventCountry "CAN"]
[SourceTitle "EXT 2022"]
[Source "ChessBase"]
[SourceDate "2021.10.06"]
[SourceVersion "1"]
[SourceVersionDate "2021.10.06"]
[SourceQuality "1"]

1. e4 c5 2. Nf3 e6 3. d4 cxd4 4. Nxd4 a6 5. Be2 Nf6 6. Nc3 d6 7. O-O Be7 8. f4 Qc7 9. Be3 Nbd7 10. Qd2 O-O 11. Bf3 Nb6 12. Qd3 Nfd7 13. g4 Nc5 14. Qe2 Nca4 15. Nxa4 Nxa4 16. Rab1 Bd7 17. Qg2 Rac8 18. Rf2 b5 19. g5 Rfe8 20. f5 exf5 21. Nxf5 Bxf5 22. exf5 Bf8 23. Bd4 Nb6 24. g6 fxg6 25. fxg6 h6 26. Bd5+ Nxd5 27. Qxd5+ Kh8 28. Qh5 Kg8 1/2-1/2

[Event "Mauricie op"]
[Site "Trois-Rivieres CAN"]
[Date "2012.03.17"]
[Round "3"]
[White "Castellanos Rodriguez, Renier"]
[Black "Bolduc, Steve"]
[Result "1/2-1/2"]
[WhiteElo "2522"]
[BlackElo "2310"]
[PlyCount "82"]
[GameId "2160767909575892"]
[EventDate "2012.03.16"]
[EventType "swiss"]
[EventRounds "5"]
[EventCountry "CAN"]
[SourceTitle "EXT 2022"]
[Source "ChessBase"]
[SourceDate "2021.10.06"]
[SourceVersion "1"]
[SourceVersionDate "2021.10.06"]
[SourceQuality "1"]

1. e4 e6 2. d4 d5 3. Nd2 Nc6 4. Ngf3 Nf6 5. e5 Nd7 6. c3 f6 7. Bb5 fxe5 8. dxe5 Be7 9. Nd4 Nxd4 10. cxd4 O-O 11. Bd3 Qe8 12. Qc2 Qh5 13. Qxc7 Qg4 14. O-O Qxd4 15. Qc2 Nxe5 16. Bxh7+ Kh8 17. Nb3 Qh4 18. f4 Bd7 19. Bd3 Rac8 20. Qe2 Nxd3 21. Qxd3 e5 22. Bd2 e4 23. Qe3 Bb5 24. Rf2 Rc2 25. g3 Qh5 26. Bc3 Rxf2 27. Qxf2 Bc4 28. Nd2 Rc8 29. Rc1 Rc6 30. a3 Bc5 31. Bd4 Bxd4 32. Qxd4 Rh6 33. h4 Rg6 34. Qf2 Be2 35. Kh2 Qg4 36. b4 Bb5 37. Nb3 Bd7 38. Rc3 Qh3+ 39. Kg1 Qxh4 40. Qh2 Qxh2+ 41. Kxh2 Bb5 1/2-1/2

[Event "Mauricie op"]
[Site "Trois-Rivieres CAN"]
[Date "2012.03.17"]
[Round "3"]
[White "Chiku-Ratte, Olivier-Kenta"]
[Black "Auger, Bertrand"]
[Result "1-0"]
[WhiteElo "2116"]
[BlackElo "1966"]
[PlyCount "115"]
[GameId "2160767909575893"]
[EventDate "2012.03.16"]
[EventType "swiss"]
[EventRounds "5"]
[EventCountry "CAN"]
[SourceTitle "EXT 2022"]
[Source "ChessBase"]
[SourceDate "2021.10.06"]
[SourceVersion "1"]
[SourceVersionDate "2021.10.06"]
[SourceQuality "1"]

1. d4 d5 2. c4 c6 3. Nf3 Nf6 4. Nc3 e6 5. e3 Be7 6. Bd3 O-O 7. O-O Nbd7 8. b3 b6 9. Bb2 Bb7 10. e4 dxe4 11. Nxe4 Nxe4 12. Bxe4 Nf6 13. Bc2 c5 14. Re1 cxd4 15. Nxd4 Bb4 16. Re3 Bc5 17. Qd3 Qd6 18. Rg3 g6 19. Qc3 Bxd4 20. Qxd4 Qxd4 21. Bxd4 Nh5 22. Re3 Rfd8 23. Bc3 Nf4 24. g3 Nh5 25. Kf1 Rd7 26. Ke2 Rad8 27. Rd3 Rxd3 28. Bxd3 e5 29. a4 a5 30. Rd1 Ng7 31. Bc2 Rxd1 32. Bxd1 f6 33. f4 exf4 34. gxf4 Ne6 35. Bxf6 Nxf4+ 36. Ke3 Ne6 37. Bd4 Nc5 38. Be5 Nd7 39. Bc7 Kf7 40. Bg4 Nf6 41. Bh3 Be4 42. Kd2 g5 43. Bxb6 g4 44. Bf1 h5 45. Bxa5 h4 46. Bc7 h3 47. Be2 Bc6 48. Ke3 Bd7 49. a5 Ne8 50. Bg3 Ng7 51. a6 Nh5 52. Kf2 Nf6 53. Bd3 Bc6 54. b4 Nd7 55. b5 Ba8 56. Bf5 Nb6 57. c5 Na4 58. Bd6 1-0

[Event "Mauricie op"]
[Site "Trois-Rivieres CAN"]
[Date "2012.03.17"]
[Round "3"]
[White "Guo, Forest"]
[Black "Fortier, Marc-Andre"]
[Result "1/2-1/2"]
[WhiteElo "1904"]
[BlackElo "2117"]
[PlyCount "59"]
[GameId "2160767909575894"]
[EventDate "2012.03.16"]
[EventType "swiss"]
[EventRounds "5"]
[EventCountry "CAN"]
[SourceTitle "EXT 2022"]
[Source "ChessBase"]
[SourceDate "2021.10.06"]
[SourceVersion "1"]
[SourceVersionDate "2021.10.06"]
[SourceQuality "1"]

1. e4 c5 2. Nf3 d6 3. d4 cxd4 4. Nxd4 Nf6 5. Nc3 g6 6. Be3 Bg7 7. f3 O-O 8. Qd2 Nc6 9. Bc4 Bd7 10. O-O-O Ne5 11. Bb3 Qa5 12. Kb1 Rfc8 13. h4 Nc4 14. Bxc4 Rxc4 15. Nb3 Qc7 16. g4 Be6 17. h5 Rc8 18. Bd4 a5 19. hxg6 fxg6 20. g5 Nh5 21. Bxg7 Kxg7 22. Nd5 Bxd5 23. Qxd5 Rxc2 24. Nd4 Nf4 25. Rxh7+ Kxh7 26. Qf7+ Kh8 27. Rh1+ Nh5 28. Rxh5+ gxh5 29. Qxh5+ Kg8 30. Qg6+ 1/2-1/2